=LDR 00000nam 2200000 4500 =001 INLIS000000000023407 =005 20130612122057 =008 ***********************************Ind** =035 ##$$0010-061300000023407 =041 ##$$a Ind =082 ##$$a 350 =090 ##$$a 350, Tho d =100 ##$$a Thoha, Miftah =245 ##$$a Dimensi-dimensi prima ilmu administrasi negara, Miftah Thoha =260 ##$$a 2005 $b Jakarta =300 ##$$a xvi, 282 hlm, 21 cm =650 ##$$a Administrasi negara =850 ##$$a NBPNMAT